| 000 -LEADER |
| fixed length control field |
00750cam a2200205 a 4500 |
| 020 ## - INTERNATIONAL STANDARD BOOK NUMBER |
| ISBN |
9686127399 |
| 040 ## - CATALOGING SOURCE |
| Transcribing agency |
DNAL |
| 082 ## - DEWEY DECIMAL CLASSIFICATION NUMBER |
| Classification number |
633 CIM 1990 Or. |
| 245 00 - TITLE STATEMENT |
| Title |
World perspectives on barley yellow dwarf : |
| Remainder of title |
proceedings of the international workshop, July 6-11, 1987, Udine Italy / |
| 260 ## - PUBLICATION, DISTRIBUTION, ETC. (IMPRINT) |
| Place of publication |
Mexico, D.F., Mexico : |
| Name of publisher |
CIMMYT, |
| Year of publication |
1990. |
| 300 ## - PHYSICAL DESCRIPTION |
| Number of Pages |
xvi, 511 p. : |
| Other physical details |
ill., maps ; |
| Dimensions |
25 cm. |
| 500 ## - GENERAL NOTE |
| General note |
"Sponsored by: Dipartimento cooperazione allo sviluppo, International Maize and Wheat Improvement Center." |
| 650 #0 - SUBJECT ADDED ENTRY--TOPICAL TERM |
| Topical Term |
Barley yellow dwarf disease |
| 650 #0 - SUBJECT ADDED ENTRY--TOPICAL TERM |
| Topical Term |
Barley yellow dwarf viruses |
| 650 #0 - SUBJECT ADDED ENTRY--TOPICAL TERM |
| Topical Term |
Grain |
| 700 1# - ADDED ENTRY--PERSONAL NAME |
| Personal name |
Burnett, P. A. |
| 710 2# - ADDED ENTRY--CORPORATE NAME |
| Corporate name or jurisdiction name as entry element |
International Maize and Wheat Improvement Center. |
| 710 1# - ADDED ENTRY--CORPORATE NAME |
| Corporate name or jurisdiction name as entry element |
Italy. |
| 942 ## - ADDED ENTRY ELEMENTS (KOHA) |
| Koha item type |
សៀវភៅភាសាអង់គ្លេស |
| 952 ## - LOCATION AND ITEM INFORMATION (KOHA) |
| Withdrawn status [LOCAL, KOHA] |
0 |